Insurgentes: Guatemala, la paz arrancada

Saved in:
Bibliographic Details
Main Author: Santa Cruz Mendoza, Santiago (Author)
Format: Book
Language:Spanish
Published: Santiago LOM 2004
Edition:1a. ed
Subjects:
Tags: Add Tag
No Tags, Be the first to tag this record!

MARC

LEADER 00000nam a2200000 a 4500
001 UCK3521
003 CL-VaPUC
008 050429e20040000CL |||||||||||||||||spa|d
020 |a 9562826759 
082 0 4 |a 972.81  |b SAN  |2 21 
100 0 |a Santa Cruz Mendoza, Santiago  |e author  |9 491587 
245 1 0 |a Insurgentes: Guatemala, la paz arrancada 
250 |a 1a. ed 
300 |a 321 p 
942 |c BK 
945 |d 20050429 00:00:00  |a cmena 
260 |a Santiago  |b LOM  |c 2004 
650 7 |a GUERRILLAS  |2 CL-VaPUC  |9 313530 
650 0 |a Conflictos sociales   |9 372024 
651 0 |a Guatemala  |9 258335 
583 |a last modification  |c 20050429 00:00:00  |k Rodrigo Vera 
999 |c 312657  |d 312655 
952 |0 0  |1 0  |4 0  |6 972_810000000000000_SAN_2004  |7 0  |8 A  |9 383272  |a BIBHIS  |b BIBHIS  |d 2019-11-21  |i 409915K  |o 972.81 SAN 2004  |p 409915K  |r 2025-01-20  |w 2019-11-21  |y BK  |k HIS